Câu hỏi và bài tập kĩ năng địa lí 9 Theo chương trình giảm tải của Bộ GD và ĐT

保存先:
書誌詳細
第一著者: Nguyễn, Đức Vũ
フォーマット: 図書
言語:Vietnamese
出版事項: Hà Nội Đại học quốc gia 2013
主題:
タグ: タグ追加
タグなし, このレコードへの初めてのタグを付けませんか!
Thư viện lưu trữ: Trung tâm Học liệu Lê Vũ Hùng, Trường Đại học Đồng Tháp
LEADER 00988pam a22003258a 4500
001 00033628
005 20171026081023.0
008 150928s2013 ||||||viesd
020 |c 30000 
041 0 # |a vie 
082 1 4 |a 910.76  |b C125H 
100 1 # |a Nguyễn, Đức Vũ 
245 0 0 |a Câu hỏi và bài tập kĩ năng địa lí 9  |c Nguyễn Đức Vũ  |b Theo chương trình giảm tải của Bộ GD và ĐT 
260 # # |a Hà Nội  |b Đại học quốc gia  |c 2013 
300 # # |a 152 tr.  |c 24 cm. 
653 # # |a Bài tập 
653 # # |a Địa lí 
653 # # |a Lớp 9 
653 # # |a Câu hỏi 
852 # # |b Kho giáo trình  |j KGT.0049545 
852 # # |b Kho mượn  |j KGT.0049545 
852 # # |j KGT.0049545  |j KD.0017798 
852 # # |b Kho đọc  |j KD.0017798 
910 0 # |a kchi  |d 28/9 
980 # # |a Trung tâm Học liệu Lê Vũ Hùng, Trường Đại học Đồng Tháp